Practical Application of Blended Learning in Higher Education Institution; Education and New Learning Technologies, EDULEARN 16

Dettagli Bibliografici
Parent link:Education and New Learning Technologies, EDULEARN 16.— 2016.— [P. 7852-7858]
Autore principale: Dorofeeva M. Yu. Margarita Yurievna
Ente Autore: Национальный исследовательский Томский политехнический университет (ТПУ) Институт социально-гуманитарных технологий (ИСГТ) Кафедра иностранных языков (ИЯСГТ)
Altri autori: Veledinskaya S. B. Svetlana Borisovna, Newberry R. Ruth
Riassunto:Title screen
Many institutions of higher education are currently looking for new approaches to optimize the teaching and learning experience for faculty and students. One area providing new motivators to strengthen student engagement in the learning process is the advances in learning technologies. Our university has embraced these advances in learning technologies to initiate its move from a traditional face-to-face teaching methodology to a blended teaching approach that will replace 20 % of all face-to-face instruction time with instruction and learning through an online environment. The paper explores the challenges and opportunities of blended learning course design and pedagogy and implementation of this new model at the University for instructional support staff, for curriculum design, for faculty and for students.
Режим доступа: по договору с организацией-держателем ресурса
Lingua:inglese
Pubblicazione: 2016
Soggetti:
Accesso online:http://dx.doi.org/10.21125/edulearn.2016.0721
Natura: MixedMaterials Elettronico Capitolo di libro
KOHA link:https://koha.lib.tpu.ru/cgi-bin/koha/opac-detail.pl?biblionumber=653522

MARC

LEADER 00000naa0a2200000 4500
001 653522
005 20250904091144.0
035 |a (RuTPU)RU\TPU\network\18994 
090 |a 653522 
100 |a 20170310d2016 k||y0rusy50 ba 
101 0 |a eng 
102 |a ES 
135 |a drcn ---uucaa 
181 0 |a i  
182 0 |a b 
200 1 |a Practical Application of Blended Learning in Higher Education Institution  |f M. Yu. Dorofeeva, S. B. Veledinskaya, R. Newberry 
203 |a Text  |c electronic 
300 |a Title screen 
330 |a Many institutions of higher education are currently looking for new approaches to optimize the teaching and learning experience for faculty and students. One area providing new motivators to strengthen student engagement in the learning process is the advances in learning technologies. Our university has embraced these advances in learning technologies to initiate its move from a traditional face-to-face teaching methodology to a blended teaching approach that will replace 20 % of all face-to-face instruction time with instruction and learning through an online environment. The paper explores the challenges and opportunities of blended learning course design and pedagogy and implementation of this new model at the University for instructional support staff, for curriculum design, for faculty and for students. 
333 |a Режим доступа: по договору с организацией-держателем ресурса 
463 1 |t Education and New Learning Technologies, EDULEARN 16  |o 8th International Conference, Barcelona, Spain, 4-6 July, 2016  |o proceedings  |v [P. 7852-7858]  |d 2016 
610 1 |a труды учёных ТПУ 
610 1 |a электронный ресурс 
610 1 |a смешанное обучение 
610 1 |a вузы 
610 1 |a дистанционное обучение 
610 1 |a онлайн-обучение 
610 1 |a онлайн-образование 
610 1 |a онлайновая среда 
700 1 |a Dorofeeva  |b M. Yu.  |c specialist in the field of informatics and computer technology  |c programmer of Tomsk Polytechnic University, Candidate of technical sciences  |c Director of the Center for organization and monitoring of educational activity  |f 1979-  |g Margarita Yurievna  |3 (RuTPU)RU\TPU\pers\34591 
701 1 |a Veledinskaya  |b S. B.  |c linguist  |c Associate Professor of Tomsk Polytechnic University, Candidate of philological sciences  |f 1966-  |g Svetlana Borisovna  |3 (RuTPU)RU\TPU\pers\38064 
701 1 |a Newberry  |b R.  |g Ruth 
712 0 2 |a Национальный исследовательский Томский политехнический университет (ТПУ)  |b Институт социально-гуманитарных технологий (ИСГТ)  |b Кафедра иностранных языков (ИЯСГТ)  |3 (RuTPU)RU\TPU\col\18376 
801 1 |a RU  |b 63413507  |c 20130131 
801 2 |a RU  |b 63413507  |c 20170310  |g RCR 
856 4 0 |u http://dx.doi.org/10.21125/edulearn.2016.0721 
942 |c CF